| 000 | 00929cam a2200253Mc 4500 | ||
|---|---|---|---|
| 005 | 20150302113950.0 | ||
| 008 | 150302s2000 ag fr 000 0 spa d | ||
| 020 | _a9501418049 | ||
| 020 | _a9789501418040 | ||
| 040 |
_aCO-BoUCM _bspa _cJose A. Gerena _dJose A. Gerena |
||
| 041 | 0 | _aspa | |
| 100 | 1 |
_aMolina Sandoval, Carlos A. _966594 |
|
| 245 | 1 | 0 |
_aConcurso preventivo del garante _bLey 24.522. teoría y práctica _cCarlos A. Molina Sandoval |
| 260 | 3 |
_aBuenos Aires (Argentina) _bDepalma _c2000 |
|
| 300 | _axxiii, 277 páginas | ||
| 504 | _aIncluye referencias bibliográficas | ||
| 650 | 7 |
_912717 _aDerecho comercial |
|
| 650 | 7 |
_912109 _aCrédito _xAspectos jurídicos _zArgentina |
|
| 650 | 7 |
_916264 _aGarantías _xAspectos jurídicos _zArgentina |
|
| 651 |
_aArgentina _926776 |
||
| 690 |
_942767 _aDerecho comercial |
||
| 942 |
_2DEWEY _a8 _cLIBRO _e1 _h346.074 _mM722 |
||
| 999 |
_c298784 _d298784 |
||